[Event "GER-chT WK U18 4th"]
[Site "Kiel"]
[Date "2008.05.31"]
[Round "1.3"]
[White "Mecklenburg, Hannes"]
[Black "Lengler, Tim"]
[Result "0-1"]
[WhiteElo "800"]
[BlackElo "1063"]
[PlyCount "50"]
[EventDate "2008.05.31"]
[EventType "team-swiss"]
[EventRounds "7"]
[EventCountry "GER"]
[SourceTitle "EXT 2010"]
[Source "ChessBase"]
[SourceDate "2010.11.25"]
[SourceVersion "1"]
[SourceVersionDate "2010.11.25"]
[SourceQuality "1"]

1. e4 e5 2. Nf3 Nc6 3. Bc4 Nf6 4. Ng5 d5 5. Bb3 h6 6. Nf3 Nxe4 7. d3 Nf6 8. 0-0 Bg4 9. Qe2 Nd4 10. Qxe5+ Ne6 11. Be3 Bd6 12. Qc3 c5 13. Ne5 d4 14. Bxd4 cxd4 15. Qxd4 Nxd4 16. Nxf7 Qc7 17. Re1+ Ne2+ 18. Kf1 Rf8 19. Nxd6+ Qxd6 20. h3 0-0-0 21. hxg4 Nd4 22. Ba4 Qb4 23. Nc3 Nd5 24. Bb3 Nxc3 25. bxc3 Qxc3 0-1